| 000 | 00778nam a2200289Ia 4500 | ||
|---|---|---|---|
| 008 | 160803s9999 xx 000 0 und d | ||
| 020 | _a 978-0312674328 | ||
| 100 | _aPotter, Ellen | ||
| 245 | 4 | _aThe Kneebone boy / | |
| 245 | _cEllen Potter. | ||
| 260 | _aNew York : | ||
| 260 | _bScholastic Inc. | ||
| 260 | _c2010 | ||
| 300 | _a282 pages ; | ||
| 300 | _c20 cm | ||
| 500 | _aIncludes discussion questions and author interview. | ||
| 650 | _aAdventure stories. | ||
| 650 | _aBrothers and sisters -- | ||
| 650 | _aEccentrics and eccentricities -- | ||
| 650 | _aEngland -- | ||
| 650 | _aMothers -- | ||
| 650 | _xJuvenile fiction. | ||
| 650 | _xJuvenile fiction. | ||
| 650 | _xJuvenile fiction. | ||
| 650 | _xJuvenile literature. | ||
| 700 | _a850 | ||
| 999 |
_c298222 _d298222 |
||